Metódy rozpoznávania tváre

Saved in:
Bibliographic Details
Main Author: Salák, Tomáš (Author)
Other Authors: Špilka, Marian (Thesis advisor)
Format: Manuscript Book
Language:Slovak
Published: 2017
Subjects:
Online Access:http://is.stuba.sk/zp/portal_zp.pl?podrobnosti=116129
Tags: Add Tag
No Tags, Be the first to tag this record!

MARC

LEADER 00000ntm a22000003a 4500
001 stuzp60519
003 SK-STU
005 20170728095027.5
007 ta
008 150427s2015----xo-----f-mn---000-0-slo-d
040 |a STU  |b slo 
041 0 |a slo 
044 |a xo 
100 1 |a Salák, Tomáš  |u 037000  |4 aut  |U FEI Fakulta elektrotechniky a informatiky  |T FEI Ústav multimediálnych informačných a komunikačných technológií  |X 74799  |U E070  |Y 818  |7 74799 
242 0 1 |a Face recognition methods  |y eng 
245 1 0 |a Metódy rozpoznávania tváre 
260 |c 2017 
300 |a 35 s.,  |b CD-ROM 
650 4 |a Tvár  |2 slo 
650 4 |a Detekcia  |2 slo 
650 4 |a Kinect  |2 slo 
650 4 |a Rozpoznanie  |2 slo 
650 4 |a Detection  |2 eng 
650 4 |a Kinect  |2 eng 
650 4 |a Face  |2 eng 
650 4 |a Recognition  |2 eng 
700 1 |a Špilka, Marian  |4 ths  |X 5848  |7 A000005848 
856 4 |u http://is.stuba.sk/zp/portal_zp.pl?podrobnosti=116129 
996 |b 284ER02508  |c E*Bc- 2508  |l EE35  |s P  |a 0  |w stuzp60519_0001